Teaching the gifted child/ (Record no. 14393)

000 -LEADER
fixed length control field 00349nam a2200133Ia 4500
008 - FIXED-LENGTH DATA ELEMENTS--GENERAL INFORMATION
fixed length control field 190923s9999||||xx |||||||||||||| ||und||
100 ## - MAIN ENTRY--AUTHOR NAME
Personal name Gallagher, James J.
245 #0 - TITLE STATEMENT
Title Teaching the gifted child/
260 ## - PUBLICATION, DISTRIBUTION, ETC. (IMPRINT)
Place of publication Boston:
Name of publisher Allyn and Bacon,
Year of publication 1964
300 ## - PHYSICAL DESCRIPTION
Number of Pages xi, 330
650 ## - SUBJECT ADDED ENTRY--TOPICAL TERM
Topical Term Teaching-Gifted Students
942 ## - ADDED ENTRY ELEMENTS (KOHA)
Koha item type Books
Holdings
Lost status Damaged status Not for loan Collection code Permanent Location Current Location Shelving location Cost, normal purchase price Full call number Accession Number Koha item type
        RIE AJMER LIBRARY RIE AJMER LIBRARY General Stacks 23.56 371.95 GAL-T 17742 Books

Powered by Koha